| 000 | 00717nam a22002291 4500 | ||
|---|---|---|---|
| 001 | 11596 | ||
| 003 | BD-RjUL | ||
| 005 | 20211208235142.0 | ||
| 008 | 140127s1966 nyua 001 0 eng d | ||
| 035 | _a(BD-RjUL)11645 | ||
| 040 |
_aDLC _cDLC _dDLC _dBD-RjUL _beng |
||
| 041 | _aeng | ||
| 082 | 0 | 0 |
_a579 _bKNB 1966 |
| 100 | 1 |
_aKnudsen, Jens W. _935869 |
|
| 245 | 1 | 0 |
_aBiological techniques : _bcollecting, preserving, and illustrating plants and animals / _cby Jens W. Knudsen. |
| 260 |
_aNew York : _bHarper & Row, _c1966. |
||
| 300 |
_axi, 525 p. : _billus. _c24 cm. |
||
| 504 | _aIncludes index. | ||
| 650 | 0 |
_aBiological specimens _xCollection and preservation. _935870 |
|
| 942 |
_2ddc _cBK |
||
| 999 |
_c11596 _d11596 |
||